[Event "XXII OPEN INTERNACIONAL CIUTAT DE MONTCADA - Grup "]
[Site "Montcada i Reixac (Barcelona)"]
[Date "2014.06.26"]
[Round "2"]
[Board "1"]
[White "Cuartas, Jaime Alexander"]
[Black "Zherebukh, Yaroslav"]
[Result "1-0"]
[WhiteElo "2483"]
[BlackElo "2618"]
[PlyCount "68"]
[EventDate "2014.06.25"]
[EventRounds "9"]
[EventCountry "ESP"]

1. e4 c5 2. Nc3 e6 3. Nf3 a6 4. d4 cxd4 5. Nxd4 Nc6 6. f4 Nxd4 7. Qxd4 b5 8.
Be3 Bb7 9. O-O-O Rc8 10. Kb1 Nf6 11. e5 Ng4 12. Ne4 Bd5 13. a3 Qa5 14. Bc1 b4
15. Nd6+ Bxd6 16. exd6 O-O 17. h3 bxa3 18. Bd2 Qc5 19. Qxc5 Rxc5 20. hxg4 Rb8
21. b4 Be4 22. Bd3 Bxd3 23. cxd3 a5 24. Rc1 Rd5 25. Rc3 axb4 26. Rb3 f5 27. g5
Rb6 28. Ka2 Rc5 29. Bxb4 Rc2+ 30. Ka1 Rxg2 31. Rc1 Kf7 32. Rc4 h5 33. gxh6 gxh6
34. Rxa3 Rg1+ 1-0

[Event "XXII OPEN INTERNACIONAL CIUTAT DE MONTCADA - Grup "]
[Site "Montcada i Reixac (Barcelona)"]
[Date "2014.06.26"]
[Round "2"]
[Board "2"]
[White "Cori, Jorge"]
[Black "Moreno Ruiz, Javier"]
[Result "1-0"]
[WhiteElo "2608"]
[BlackElo "2486"]
[PlyCount "91"]
[EventDate "2014.06.25"]
[EventRounds "9"]
[EventCountry "ESP"]

1. c4 c5 2. Nc3 g6 3. g3 Bg7 4. Bg2 Nc6 5. d3 d6 6. Nf3 Bd7 7. O-O Nf6 8. Rb1
O-O 9. a3 a5 10. Bd2 Ne8 11. Qc1 Nc7 12. Bh6 Rb8 13. h4 b5 14. h5 b4 15. Nd5
Ne6 16. axb4 axb4 17. Bxg7 Kxg7 18. h6+ Kg8 19. e3 f6 20. Qd2 Rf7 21. d4 Qf8
22. Nf4 Nxf4 23. exf4 Bf5 24. Ra1 Be4 25. d5 Nd8 26. Rfe1 Bxf3 27. Bxf3 Qxh6
28. Ra7 Rb7 29. Ra6 Rf8 30. Kg2 Nf7 31. Qe2 Qg7 32. Qe6 Kh8 33. Rea1 g5 34. Ra8
Rfb8 35. Rxb8+ Rxb8 36. Ra7 gxf4 37. Rxe7 Rf8 38. Bh5 Ng5 39. Rxg7 f3+ 40. Bxf3
Nxe6 41. dxe6 Kxg7 42. Bh5 Rb8 43. e7 f5 44. e8=Q Rxe8 45. Bxe8 Kf6 46. Kf3 1-0

[Event "XXII OPEN INTERNACIONAL CIUTAT DE MONTCADA - Grup "]
[Site "Montcada i Reixac (Barcelona)"]
[Date "2014.06.26"]
[Round "2"]
[Board "3"]
[White "Vishnu, Prasanna. V"]
[Black "Peralta, Fernando"]
[Result "1/2-1/2"]
[WhiteElo "2459"]
[BlackElo "2596"]
[PlyCount "35"]
[EventDate "2014.06.25"]
[EventRounds "9"]
[EventCountry "ESP"]

1. e4 e6 2. d4 d5 3. Nc3 Nf6 4. e5 Nfd7 5. f4 c5 6. Nf3 Nc6 7. Be3 cxd4 8. Nxd4
Bc5 9. Qd2 O-O 10. O-O-O a6 11. Kb1 Nxd4 12. Bxd4 b5 13. Qe3 Bxd4 14. Rxd4 Qe7
15. Bd3 Bb7 16. Re1 g6 17. g4 Rae8 18. Bf1 1/2-1/2

[Event "XXII OPEN INTERNACIONAL CIUTAT DE MONTCADA - Grup "]
[Site "Montcada i Reixac (Barcelona)"]
[Date "2014.06.26"]
[Round "2"]
[Board "4"]
[White "Aroshidze, Levan"]
[Black "Herraiz Hidalgo, Herminio"]
[Result "0-1"]
[WhiteElo "2565"]
[BlackElo "2446"]
[PlyCount "64"]
[EventDate "2014.06.25"]
[EventRounds "9"]
[EventCountry "ESP"]

1. e4 e6 2. d4 d5 3. Nc3 Nf6 4. e5 Nfd7 5. f4 c5 6. Nf3 Nc6 7. Be3 a6 8. Qd2
Be7 9. dxc5 Nxc5 10. O-O-O Qa5 11. Kb1 b5 12. Nd4 Nxd4 13. Bxd4 b4 14. Ne2 Rb8
15. Nc1 Qc7 16. Bd3 a5 17. g4 Ne4 18. Bxe4 dxe4 19. f5 exf5 20. e6 O-O 21. gxf5
fxe6 22. Bxg7 Kxg7 23. Rhg1+ Kh8 24. Qh6 Qe5 25. Rg6 Rg8 26. Rdg1 Bd7 27. fxe6
Rxg6 28. Rxg6 Rb6 29. Ne2 Rxe6 30. Nf4 Rd6 31. Kc1 Bf5 32. Rxd6 Qxd6 0-1

[Event "XXII OPEN INTERNACIONAL CIUTAT DE MONTCADA - Grup "]
[Site "Montcada i Reixac (Barcelona)"]
[Date "2014.06.26"]
[Round "2"]
[Board "5"]
[White "Panelo, Marcelo"]
[Black "Cruz, Cristhian"]
[Result "1/2-1/2"]
[WhiteElo "2448"]
[BlackElo "2563"]
[PlyCount "90"]
[EventDate "2014.06.25"]
[EventRounds "9"]
[EventCountry "ESP"]

1. d4 Nf6 2. c4 e6 3. Nf3 b6 4. g3 Bb7 5. Nc3 d5 6. cxd5 exd5 7. a3 Be7 8. Bg2
O-O 9. O-O Nbd7 10. Bf4 a6 11. Ne5 c5 12. e3 Re8 13. Rc1 cxd4 14. exd4 Nf8 15.
Qb3 Ne6 16. Be3 Qd6 17. Na4 b5 18. Nc5 Nxc5 19. Rxc5 Rac8 20. Rxc8 Rxc8 21. Bh3
Ra8 22. Rc1 Ne4 23. Bd7 Rd8 24. Bc6 Ba8 25. Bf4 Qe6 26. Bxa8 Rxa8 27. Rc6 Nd6
28. Nd3 h5 29. Be5 Rd8 30. Rxa6 Qg4 31. Nf4 Nc4 32. h3 Qf5 33. Qd3 Qe4 34. Qxe4
dxe4 35. b3 Nxe5 36. dxe5 Rd1+ 37. Kg2 Rd2 38. Ne2 Bc5 39. b4 Be3 40. Kf1 Rd1+
41. Kg2 Rd2 42. Kf1 Rd1+ 43. Kg2 Rd2 44. Kf1 Rd1+ 45. Kg2 Rd2 1/2-1/2

[Event "XXII OPEN INTERNACIONAL CIUTAT DE MONTCADA - Grup "]
[Site "Montcada i Reixac (Barcelona)"]
[Date "2014.06.26"]
[Round "2"]
[Board "6"]
[White "Naroditsky, Daniel"]
[Black "Cori T., Deysi"]
[Result "1-0"]
[WhiteElo "2559"]
[BlackElo "2414"]
[PlyCount "131"]
[EventDate "2014.06.25"]
[EventRounds "9"]
[EventCountry "ESP"]

1. Nf3 e6 2. c4 Nf6 3. g3 Be7 4. Bg2 O-O 5. O-O d5 6. d4 Nbd7 7. Qc2 c5 8. cxd5
Nxd5 9. Nc3 Nb4 10. Qd1 Nb6 11. dxc5 Bxc5 12. a3 Nc6 13. Qc2 Bd7 14. Rd1 Rc8
15. Bf4 f6 16. Ne4 Be7 17. Nd6 Bxd6 18. Bxd6 Rf7 19. Qe4 Qe8 20. Rac1 Na5 21.
Bb4 Nc6 22. Bc5 Nd5 23. Qb1 b6 24. Bd6 Na5 25. e4 Ne7 26. e5 Nf5 27. Bb4 Nc6
28. Bc3 fxe5 29. Bxe5 Nfe7 30. Bd6 Nf5 31. Ng5 Rf6 32. g4 Rg6 33. gxf5 Rxg5 34.
fxe6 Rxg2+ 35. Kxg2 Bxe6 36. Bg3 Ne7 37. Re1 Rxc1 38. Qxc1 Qf7 39. Qe3 Bd5+ 40.
Kg1 h5 41. Bd6 Nf5 42. Qe8+ Qxe8 43. Rxe8+ Kf7 44. Rd8 Ke6 45. Bb8 a6 46. Bf4
Bf3 47. Rb8 b5 48. Rb6+ Kd5 49. Rxa6 Kc4 50. Rg6 Be4 51. Re6 Kd3 52. Bg5 h4 53.
h3 Nd4 54. Rd6 Kc4 55. f4 Nf5 56. Re6 Bd3 57. Rc6+ Kd5 58. Rc3 Kd4 59. Kf2 Ne3
60. Rc7 Nd1+ 61. Ke1 Nxb2 62. Rxg7 Nc4 63. Rd7+ Ke4 64. Bxh4 Bc2 65. Be7 Kxf4
66. Bc5 1-0

[Event "XXII OPEN INTERNACIONAL CIUTAT DE MONTCADA - Grup "]
[Site "Montcada i Reixac (Barcelona)"]
[Date "2014.06.26"]
[Round "2"]
[Board "7"]
[White "Cruz, Filemon"]
[Black "Movsziszian, Karen"]
[Result "1-0"]
[WhiteElo "2412"]
[BlackElo "2520"]
[PlyCount "89"]
[EventDate "2014.06.25"]
[EventRounds "9"]
[EventCountry "ESP"]

1. d4 d6 2. e4 Nf6 3. Nc3 g6 4. f4 Bg7 5. Nf3 Nc6 6. Be3 O-O 7. e5 dxe5 8. dxe5
Ng4 9. Bg1 f6 10. Bc4+ Kh8 11. h3 Nh6 12. Qxd8 Rxd8 13. exf6 exf6 14. g4 Re8+
15. Kf1 Na5 16. Bd3 Be6 17. Re1 a6 18. Rh2 Bf7 19. Rhe2 b5 20. Re7 Rxe7 21.
Rxe7 Rc8 22. g5 Bf8 23. Re1 fxg5 24. Nxg5 c5 25. f5 Bc4 26. fxg6 hxg6 27. Bxc4
Nxc4 28. Re6 Nxb2 29. Rxg6 Nc4 30. Nce4 Bg7 31. Ne6 Rc6 32. N4xc5 Nf5 33. Rg5
Nd2+ 34. Ke2 Ne4 35. Nxg7 Nxg5 36. Nxf5 Nxh3 37. Bd4+ Kh7 38. c3 Nf4+ 39. Ke3
Ne6 40. Kd3 a5 41. Nd7 b4 42. c4 Nf4+ 43. Ke4 Rxc4 44. Kxf4 a4 45. Kg5 1-0

[Event "XXII OPEN INTERNACIONAL CIUTAT DE MONTCADA - Grup "]
[Site "Montcada i Reixac (Barcelona)"]
[Date "2014.06.26"]
[Round "2"]
[Board "8"]
[White "Gomez Garrido, Camilo Ernesto"]
[Black "Ruiz C, Joshua D"]
[Result "1-0"]
[WhiteElo "2495"]
[BlackElo "2387"]
[PlyCount "109"]
[EventDate "2014.06.25"]
[EventRounds "9"]
[EventCountry "ESP"]

1. e4 c5 2. Nf3 d6 3. Bb5+ Nd7 4. O-O Ngf6 5. Re1 a6 6. Bd3 g6 7. c3 Ne5 8.
Nxe5 dxe5 9. Bc2 Bg7 10. a4 b6 11. d3 O-O 12. Nd2 Qc7 13. Nc4 Bb7 14. Be3 Rfd8
15. Qe2 b5 16. Na3 Qc6 17. f3 Nh5 18. g3 f5 19. Kg2 f4 20. Bf2 Nf6 21. Rec1 Kh8
22. b4 cxb4 23. cxb4 fxg3 24. hxg3 Qd7 25. Bb6 Rf8 26. Bb3 Rac8 27. Bc5 Bh6 28.
Rh1 Nh5 29. axb5 axb5 30. Nc2 Rcd8 31. Rad1 Bg7 32. Ne3 Nf6 33. Qb2 Qc7 34. Qe2
Bc6 35. Ra1 Ra8 36. Rxa8 Rxa8 37. Bf7 Be8 38. Bxe8 Rxe8 39. Ra1 Qd7 40. Ra7 Qe6
41. Qa2 Qxa2+ 42. Rxa2 Rd8 43. Bxe7 Rxd3 44. Nd5 Ng8 45. Ra8 h5 46. Bg5 Kh7 47.
Ra7 Rb3 48. Nf6+ Kh8 49. Ne8 Bf8 50. Bf6+ Nxf6 51. Nxf6 Bg7 52. Ra8+ Bf8 53.
Nd7 Kg7 54. Nxf8 Rxb4 55. Nd7 1-0

[Event "XXII OPEN INTERNACIONAL CIUTAT DE MONTCADA - Grup "]
[Site "Montcada i Reixac (Barcelona)"]
[Date "2014.06.26"]
[Round "2"]
[Board "9"]
[White "Sardana, Rishi"]
[Black "Gonzalez Perez, Arian"]
[Result "1-0"]
[WhiteElo "2316"]
[BlackElo "2494"]
[PlyCount "127"]
[EventDate "2014.06.25"]
[EventRounds "9"]
[EventCountry "ESP"]

1. e4 c5 2. Nf3 d6 3. Bb5+ Bd7 4. c4 e5 5. O-O Nc6 6. Nc3 g6 7. Nd5 Bg7 8. b4
Nge7 9. bxc5 dxc5 10. d3 O-O 11. Be3 b6 12. Qa4 Be8 13. Rab1 h6 14. Bd2 Kh7 15.
Be3 Nxd5 16. cxd5 Nd4 17. Nxd4 exd4 18. Bd2 Bxb5 19. Qxb5 f5 20. f4 fxe4 21.
dxe4 Qe8 22. e5 Qxb5 23. Rxb5 Rfd8 24. d6 Rac8 25. Be1 Rd7 26. Bg3 Re8 27. Re1
Re6 28. Kf2 Rf7 29. Ke2 g5 30. fxg5 c4 31. Rd5 Rd7 32. Rxd4 Bxe5 33. Re4 Rexd6
34. Bxe5 Rd2+ 35. Kf1 hxg5 36. Rxc4 Rxa2 37. Rg4 b5 38. Rxg5 b4 39. Rg3 a5 40.
h3 Rdd2 41. Bc7 Rd7 42. Be5 Rdd2 43. Rg7+ Kh6 44. Rg4 Kh7 45. Bf4 Rd7 46. Kg1
b3 47. Re5 Rg7 48. Rh5+ Kg8 49. Rxg7+ Kxg7 50. Rb5 a4 51. Rb4 Kf6 52. Rb5 Ke6
53. Be5 a3 54. Kh2 b2 55. Bg7 Ra1 56. Bxb2 Rb1 57. Re5+ Kf6 58. Bd4 Rd1 59.
Ra5+ Rxd4 60. Rxa3 Ke5 61. Rf3 Ra4 62. Rf2 Rb4 63. g3 Ke6 64. h4 1-0

[Event "XXII OPEN INTERNACIONAL CIUTAT DE MONTCADA - Grup "]
[Site "Montcada i Reixac (Barcelona)"]
[Date "2014.06.26"]
[Round "2"]
[Board "11"]
[White "Ghosh, Diptayan"]
[Black "Amores Gago, Javier"]
[Result "1-0"]
[WhiteElo "2487"]
[BlackElo "2175"]
[PlyCount "65"]
[EventDate "2014.06.25"]
[EventRounds "9"]
[EventCountry "ESP"]

1. d4 d6 2. Nf3 Nf6 3. g3 g6 4. Bg2 Bg7 5. c4 O-O 6. O-O Nc6 7. Nc3 a6 8. Bf4
Rb8 9. Rc1 Nh5 10. Be3 Bd7 11. c5 dxc5 12. d5 Na5 13. Bxc5 Nc4 14. b3 Nd6 15.
Nd4 Qc8 16. Re1 Bh3 17. e4 Bxg2 18. Kxg2 Rd8 19. e5 Nf5 20. Qf3 Nxd4 21. Bxd4
c5 22. Ne2 Qd7 23. Rxc5 b6 24. Rc6 Qxd5 25. Bxb6 Qd2 26. Bxd8 Qxe1 27. Bc7 Rb5
28. a4 Rb7 29. Ba5 Qxa5 30. Rc8+ Bf8 31. Qxb7 Ng7 32. Nd4 Qxe5 33. Qa8 1-0

[Event "XXII OPEN INTERNACIONAL CIUTAT DE MONTCADA - Grup "]
[Site "Montcada i Reixac (Barcelona)"]
[Date "2014.06.26"]
[Round "2"]
[Board "12"]
[White "Garriga Cazorla, Pere"]
[Black "Munoz Pantoja, Miguel"]
[Result "0-1"]
[WhiteElo "2222"]
[BlackElo "2457"]
[PlyCount "96"]
[EventDate "2014.06.25"]
[EventRounds "9"]
[EventCountry "ESP"]

1. d4 c5 2. d5 e5 3. e4 d6 4. c4 g6 5. Nc3 Bg7 6. Nf3 Ne7 7. Be2 O-O 8. O-O h6
9. Ne1 f5 10. exf5 gxf5 11. f4 Nd7 12. Nd3 e4 13. Nf2 Nf6 14. Be3 Bd7 15. Kh1
Qe8 16. h3 h5 17. Rg1 Qg6 18. g3 Kf7 19. Rb1 Rh8 20. b4 b6 21. bxc5 dxc5 22.
Nb5 Bxb5 23. Rxb5 Rad8 24. a4 Nc6 25. Bxc5 bxc5 26. Rxc5 Nd4 27. Qxd4 Nd7 28.
Qe3 Qb6 29. Bxh5+ Kf8 30. g4 Qxc5 31. Qg3 Nf6 32. Bg6 e3 33. Nd3 Qxc4 34. Bxf5
Ne4 35. Qxe3 Qxd3 36. Qxd3 Nf2+ 37. Kg2 Nxd3 38. Bxd3 Rxd5 39. Bb5 Rc5 40. Rd1
Rc2+ 41. Kg3 Rc3+ 42. Rd3 Rxd3+ 43. Bxd3 Bc3 44. Bf1 Be1+ 45. Kf3 Kg7 46. g5
Rh4 47. f5 Bd2 48. Kg3 Bxg5 0-1

[Event "XXII OPEN INTERNACIONAL CIUTAT DE MONTCADA - Grup "]
[Site "Montcada i Reixac (Barcelona)"]
[Date "2014.06.26"]
[Round "2"]
[Board "13"]
[White "Juan Bartroli, Pau"]
[Black "Escobar Forero, Alder"]
[Result "0-1"]
[WhiteElo "2179"]
[BlackElo "2445"]
[PlyCount "85"]
[EventDate "2014.06.25"]
[EventRounds "9"]
[EventCountry "ESP"]

1. d4 d6 2. Nf3 Nf6 3. c4 Nbd7 4. Nc3 e5 5. e4 Be7 6. Be2 O-O 7. O-O c6 8. Be3
a6 9. d5 c5 10. Ne1 Rb8 11. f3 Ne8 12. Qd2 g6 13. a3 Ng7 14. b4 b6 15. Nd3 f5
16. g3 Rf7 17. Rab1 Ra8 18. f4 exf4 19. Bxf4 Qc7 20. Rbe1 Ne5 21. bxc5 bxc5 22.
Nxe5 dxe5 23. Be3 Bd6 24. exf5 gxf5 25. Bh6 Rb8 26. Bd3 Bf8 27. Bc2 Rb6 28. Rf2
Rff6 29. Bxg7 Bxg7 30. d6 Rfxd6 31. Nd5 Qf7 32. Qg5 h6 33. Qe7 e4 34. Qxf7+
Kxf7 35. Nxb6 Rxb6 36. Rxe4 Rb2 37. Ref4 Bd4 38. Kg2 Bxf2 39. Rxf2 Ke7 40. Kf3
Ra2 41. Kf4 Kf6 42. Rd2 Be6 43. Re2 0-1

[Event "XXII OPEN INTERNACIONAL CIUTAT DE MONTCADA - Grup "]
[Site "Montcada i Reixac (Barcelona)"]
[Date "2014.06.26"]
[Round "2"]
[Board "14"]
[White "Akshat, Khamparia"]
[Black "Herms Agullo, Jordi"]
[Result "1-0"]
[WhiteElo "2367"]
[BlackElo "2109"]
[PlyCount "121"]
[EventDate "2014.06.25"]
[EventRounds "9"]
[EventCountry "ESP"]

1. d4 e6 2. c4 b6 3. e4 Bb7 4. Bd3 Bb4+ 5. Bd2 Qe7 6. Nf3 f5 7. Qe2 fxe4 8.
Bxe4 Bxe4 9. Qxe4 c6 10. O-O Nf6 11. Qe2 O-O 12. Nc3 Bd6 13. Rae1 Ng4 14. Qe4
Nf6 15. Qe2 Ng4 16. h3 Rxf3 17. Qxf3 Nh2 18. Qe2 Nxf1 19. Kxf1 Qf7 20. Kg1 a6
21. a3 a5 22. Na4 Bc7 23. d5 exd5 24. cxd5 Na6 25. d6 Bxd6 26. Nxb6 Rf8 27.
Nxd7 Qxd7 28. Qxa6 Bxa3 29. Qxa5 Bd6 30. Be3 Rb8 31. Qd2 Qc7 32. Rd1 Be5 33. b4
Qf7 34. Bc5 Ra8 35. Qd8+ Qe8 36. Qh4 Bf6 37. Qc4+ Kh8 38. g3 Qh5 39. Qg4 Qxg4
40. hxg4 h6 41. Rd6 Rc8 42. Rd7 Kh7 43. Kf1 Bc3 44. Rd3 Bf6 45. Ke2 Kg6 46. Rd7
Kg5 47. Kf3 Ra8 48. Rd6 Rc8 49. Be3+ Kg6 50. Ke4 Kf7 51. Kf5 Bc3 52. Rd7+ Kg8
53. Bc5 Re8 54. Rd6 Rb8 55. Kg6 Rc8 56. f4 Be1 57. Re6 Bc3 58. Rd6 Bb2 59. Rd2
Bc3 60. Rd3 Bb2 61. Kf5 1-0

[Event "XXII OPEN INTERNACIONAL CIUTAT DE MONTCADA - Grup "]
[Site "Montcada i Reixac (Barcelona)"]
[Date "2014.06.26"]
[Round "2"]
[Board "15"]
[White "Cortes Orihuela, Javier"]
[Black "Das, Sayantan"]
[Result "0-1"]
[WhiteElo "2155"]
[BlackElo "2352"]
[PlyCount "64"]
[EventDate "2014.06.25"]
[EventRounds "9"]
[EventCountry "ESP"]

1. d4 d5 2. c4 c6 3. cxd5 cxd5 4. Nc3 Nf6 5. Bf4 Nc6 6. e3 a6 7. Bd3 Bg4 8.
Nge2 e6 9. O-O Bd6 10. Bxd6 Qxd6 11. Qb3 O-O 12. Ng3 Nh5 13. Nxh5 Bxh5 14. Rac1
b5 15. a4 Nb4 16. Qa3 Rfd8 17. Bb1 Qf8 18. f3 Bg6 19. Bxg6 hxg6 20. Ne2 bxa4
21. Rc5 Rab8 22. Rfc1 Qe8 23. Ra5 Rb6 24. Rxa4 Nd3 25. Ra1 Nxb2 26. Rxa6 Nc4
27. Qc3 Rb5 28. Nc1 Rdb8 29. Ra7 Qd8 30. R1a2 Rb1 31. f4 Qh4 32. Rc2 R8b3 0-1

[Event "XXII OPEN INTERNACIONAL CIUTAT DE MONTCADA - Grup "]
[Site "Montcada i Reixac (Barcelona)"]
[Date "2014.06.26"]
[Round "2"]
[Board "16"]
[White "Sagar, Shah"]
[Black "Porta Tovar, Oriol"]
[Result "1-0"]
[WhiteElo "2309"]
[BlackElo "2097"]
[PlyCount "51"]
[EventDate "2014.06.25"]
[EventRounds "9"]
[EventCountry "ESP"]

1. d4 Nf6 2. c4 g6 3. Nc3 Bg7 4. e4 d6 5. f3 O-O 6. Nge2 c5 7. d5 a6 8. Ng3 e6
9. a4 exd5 10. cxd5 Nbd7 11. Be2 h5 12. Bg5 Qb6 13. Qd2 Nh7 14. a5 Qc7 15. Bh4
b5 16. axb6 Qxb6 17. Nf1 Rb8 18. Ra2 Ne5 19. Ne3 Re8 20. O-O f5 21. f4 Ng4 22.
Nc4 Qc7 23. Bxg4 hxg4 24. e5 g5 25. Nxd6 Rd8 26. Bg3 1-0

[Event "XXII OPEN INTERNACIONAL CIUTAT DE MONTCADA - Grup "]
[Site "Montcada i Reixac (Barcelona)"]
[Date "2014.06.26"]
[Round "2"]
[Board "17"]
[White "Valencia Jimenez, Jose"]
[Black "Ramirez Garcia, Jorge Alberto"]
[Result "0-1"]
[WhiteElo "2101"]
[BlackElo "2287"]
[PlyCount "76"]
[EventDate "2014.06.25"]
[EventRounds "9"]
[EventCountry "ESP"]

1. d4 d5 2. c4 e5 3. dxe5 d4 4. Nf3 Nc6 5. a3 Nge7 6. e3 Bg4 7. Be2 dxe3 8.
Qxd8+ Rxd8 9. Bxe3 Bxf3 10. Bxf3 Nxe5 11. Be2 Nf5 12. O-O Nxe3 13. fxe3 Bc5 14.
Kf2 Nd3+ 15. Bxd3 Rxd3 16. Re1 O-O 17. b4 Be7 18. Ra2 Rfd8 19. Ke2 Bg5 20. Kf3
Re8 21. Rae2 f5 22. g3 Kf7 23. c5 Rb3 24. Kf2 g6 25. h4 Bh6 26. c6 bxc6 27. Kf3
Re6 28. Kf2 Kf6 29. Kf3 Ke7 30. Kf2 Kd7 31. Nd2 Rxa3 32. Nf3 Re4 33. Ng5 Rxb4
34. Rd1+ Ke7 35. Red2 Bxg5 36. Rd7+ Kf6 37. hxg5+ Kxg5 38. Rxh7 Rb2+ 0-1

[Event "XXII OPEN INTERNACIONAL CIUTAT DE MONTCADA - Grup "]
[Site "Montcada i Reixac (Barcelona)"]
[Date "2014.06.26"]
[Round "2"]
[Board "18"]
[White "Lorente Pupo, Ramon Miguel"]
[Black "Masferrer Niubo, Enric"]
[Result "1-0"]
[WhiteElo "2277"]
[BlackElo "1996"]
[PlyCount "81"]
[EventDate "2014.06.25"]
[EventRounds "9"]
[EventCountry "ESP"]

1. Nf3 Nf6 2. c4 g6 3. Nc3 Bg7 4. e4 d6 5. d4 O-O 6. Be2 e5 7. O-O Nc6 8. d5
Ne7 9. b4 a5 10. Ba3 b6 11. bxa5 Rxa5 12. Bb4 Ra8 13. a4 Ne8 14. Qb3 f5 15. a5
bxa5 16. Rxa5 Rxa5 17. Bxa5 Bd7 18. c5 fxe4 19. Nxe4 Bg4 20. cxd6 Nxd6 21. Nxd6
Bxf3 22. Bxf3 Qxd6 23. Bxc7 Rxf3 24. Qb8+ Rf8 25. Qxf8+ Bxf8 26. Bxd6 Nxd5 27.
Bxf8 Kxf8 28. Re1 Kf7 29. Rxe5 Nf6 30. f3 Nh5 31. Ra5 h6 32. Ra7+ Kf6 33. Rh7
Kg5 34. g3 Nf6 35. h4+ Kh5 36. Rh8 Nd5 37. Kf2 Nc7 38. Rc8 Ne6 39. Rc6 Ng7 40.
g4+ Kxh4 41. Rxg6 1-0

[Event "XXII OPEN INTERNACIONAL CIUTAT DE MONTCADA - Grup "]
[Site "Montcada i Reixac (Barcelona)"]
[Date "2014.06.26"]
[Round "2"]
[Board "19"]
[White "Saez Coma, Alejandro"]
[Black "Gallart Zafra, Jaume"]
[Result "1-0"]
[WhiteElo "2097"]
[BlackElo "2261"]
[PlyCount "105"]
[EventDate "2014.06.25"]
[EventRounds "9"]
[EventCountry "ESP"]

1. Nf3 Nf6 2. c4 g6 3. g3 Bg7 4. Bg2 O-O 5. O-O d6 6. Nc3 e5 7. d3 c6 8. Rb1 a5
9. a3 Nh5 10. b4 axb4 11. axb4 f5 12. Qc2 Kh8 13. b5 Be6 14. bxc6 bxc6 15. Be3
Qe7 16. Ra1 Na6 17. Qa4 Bd7 18. Bd2 Rfb8 19. Rfb1 Qe8 20. Rxb8 Qxb8 21. Rb1 Qc8
22. Qc2 Nc5 23. Be3 Ra5 24. Bxc5 Rxc5 25. Na4 e4 26. Nxc5 dxc5 27. dxe4 fxe4
28. Ng5 e3 29. fxe3 Qe8 30. Qe4 Qg8 31. Bh3 Bxh3 32. Nxh3 Bh6 33. Qe5+ Bg7 34.
Qc7 Nf6 35. Rb8 Bf8 36. Ng5 h6 37. Nf7+ Kh7 38. Ne5+ Qg7 39. Rb7 Qxc7 40. Rxc7+
Bg7 41. Rxc6 Ne4 42. Nd3 g5 43. Nxc5 Nc3 44. Rc7 Kg6 45. Rxg7+ Kxg7 46. Ne6+
Kf6 47. Nd4 Ke5 48. c5 Nd5 49. c6 Ke4 50. Nb5 Kxe3 51. c7 Nb6 52. Nd6 Kxe2 53.
Kg2 1-0

[Event "XXII OPEN INTERNACIONAL CIUTAT DE MONTCADA - Grup "]
[Site "Montcada i Reixac (Barcelona)"]
[Date "2014.06.26"]
[Round "2"]
[Board "21"]
[White "Granados Aguilera, Cristian"]
[Black "Dalo, Hermes"]
[Result "1/2-1/2"]
[WhiteElo "1723"]
[BlackElo "2235"]
[PlyCount "52"]
[EventDate "2014.06.25"]
[EventRounds "9"]
[EventCountry "ESP"]

1. d4 Nf6 2. Nf3 g6 3. Bf4 Bg7 4. e3 O-O 5. h3 d6 6. Be2 Nfd7 7. c4 e5 8. Bh2
Nc6 9. Nc3 h6 10. O-O f5 11. Nd5 g5 12. dxe5 Ndxe5 13. Nxe5 Nxe5 14. Rc1 c6 15.
Nc3 Be6 16. b3 Qe7 17. f4 Nf7 18. Bd3 gxf4 19. exf4 Rad8 20. Qc2 Qf6 21. Ne2 d5
22. c5 Nh8 23. Ng3 Qf7 24. Rce1 Bc8 25. Kh1 h5 26. Bg1 h4 1/2-1/2